Plant breeding reviews. Vol. 2 (Record no. 42649)

MARC details
000 -LEADER
fixed length control field 00380nam a2200145Ia 4500
020 ## - INTERNATIONAL STANDARD BOOK NUMBER
ISBN 0870554549
082 ## - DEWEY DECIMAL CLASSIFICATION NUMBER
Classification number 575:631.52
Item number PLA.2
100 ## - MAIN ENTRY--AUTHOR NAME
Personal name Janick, Jules
245 #0 - TITLE STATEMENT
Title Plant breeding reviews. Vol. 2
260 ## - PUBLICATION, DISTRIBUTION, ETC. (IMPRINT)
Place of publication USA
Name of publisher AVI Publishing Company
Year of publication 1984
650 ## - SUBJECT ADDED ENTRY--TOPICAL TERM
Topical Term Coffee breeding
650 ## - SUBJECT ADDED ENTRY--TOPICAL TERM
Topical Term Induced mutation
942 ## - ADDED ENTRY ELEMENTS (KOHA)
Koha item type Books
Holdings
Withdrawn status Lost status Damaged status Not for loan Home library Current library Date acquired Cost, normal purchase price Full call number Accession Number Koha item type
        RRII Library RRII Library 16/12/2021 55.95 575:631.52 PLA.2 22918 Books